[Event "Individual de Bizkaia - Categoria Prefer"]
[Site "Bilbao, Spain"]
[Date "2012.10.20"]
[Round "1.2"]
[White "Angulo Martinez, Jon"]
[Black "Carnicero Rodriguez, Luis"]
[Result "1-0"]
[WhiteElo "2191"]
[BlackElo "2046"]
[PlyCount "56"]
[EventDate "2012.10.20"]

1. e4 e6 2. d3 d5 3. Qe2 Be7 4. g3 Nf6 5. Bg2 c5 6. Nf3 Nc6 7. O-O b6 8. Re1
Bb7 9. e5 Nd7 10. c4 d4 11. a3 a5 12. b3 g5 13. h3 h6 14. Nbd2 Qc7 15. Nf1
O-O-O 16. g4 Bf8 17. Bd2 Bg7 18. b4 Ncxe5 19. Nxe5 Nxe5 20. bxa5 bxa5 21. f4
Bxg2 22. Qxg2 Nxd3 23. Reb1 Nxf4 24. Bxf4 gxf4 25. Rb5 Rd6 26. Rab1 Qa7 27. Rb7
Qa8 28. Qb2 Qa6 1-0

[Event "Individual de Bizkaia - Categoria Prefer"]
[Site "Bilbao, Spain"]
[Date "2012.10.20"]
[Round "1.3"]
[White "Sanz Rodero, Mikel"]
[Black "Diez Fraile, David"]
[Result "0-1"]
[WhiteElo "2045"]
[BlackElo "2167"]
[PlyCount "88"]
[EventDate "2012.10.20"]

1. e4 c5 2. c3 d6 3. d4 Nf6 4. Bd3 g6 5. Nf3 Bg7 6. dxc5 dxc5 7. e5 Ng4 8. Bb5+
Bd7 9. Bxd7+ Qxd7 10. Qxd7+ Kxd7 11. e6+ Kxe6 12. Ng5+ Kd7 13. Nxf7 Rf8 14. Ng5
Nxf2 15. O-O h6 16. Rxf2 Rxf2 17. Kxf2 hxg5 18. Bxg5 Nc6 19. Nd2 Rf8+ 20. Ke2
Ne5 21. Rf1 Rxf1 22. Nxf1 b5 23. Nd2 c4 24. b3 a5 25. bxc4 Nxc4 26. Nxc4 bxc4
27. Bd2 Ke6 28. Kf3 Kd5 29. h4 e5 30. g4 e4+ 31. Kf4 Bh6+ 32. g5 Bg7 33. Be1 a4
34. Kg3 Be5+ 35. Kg4 a3 36. h5 gxh5+ 37. Kxh5 e3 38. g6 Ke4 39. Kh6 Kd3 40. g7
Bxg7+ 41. Kxg7 Ke2 42. Bg3 Kd3 43. Kf6 Kxc3 44. Ke5 Kd3 0-1

[Event "Individual de Bizkaia - Categoria Prefer"]
[Site "Bilbao, Spain"]
[Date "2012.10.20"]
[Round "1.4"]
[White "Diaz Herrero, Alvaro"]
[Black "Rodriguez Gonzalez, Alex"]
[Result "1-0"]
[WhiteElo "2133"]
[BlackElo "2015"]
[PlyCount "59"]
[EventDate "2012.10.20"]

1. e4 c5 2. Nf3 a6 3. c4 e6 4. Nc3 Nc6 5. d4 cxd4 6. Nxd4 Bb4 7. Nxc6 Bxc3+ 8.
bxc3 bxc6 9. Ba3 d5 10. cxd5 cxd5 11. exd5 exd5 12. Qa4+ Bd7 13. Qd4 Qf6 14.
Bd3 Qxd4 15. cxd4 Bb5 16. Kd2 Bxd3 17. Kxd3 f6 18. Rab1 Kf7 19. Rb7+ Kg6 20. h4
f5 21. h5+ Kf6 22. Bd6 Re8 23. Be5+ Rxe5 24. dxe5+ Kxe5 25. Rbb1 Kf6 26. f4 g5
27. g3 gxf4 28. gxf4 Kg7 29. Rhg1+ Kf7 30. h6 1-0

[Event "Individual de Bizkaia - Categoria Prefer"]
[Site "Bilbao, Spain"]
[Date "2012.10.20"]
[Round "1.8"]
[White "Marchena Hurtado, Javier"]
[Black "Cano Cavero, Alberto Javier"]
[Result "1-0"]
[WhiteElo "2056"]
[BlackElo "1882"]
[PlyCount "81"]
[EventDate "2012.10.20"]

1. d4 Nf6 2. c4 e5 3. dxe5 Ng4 4. Bf4 g5 5. Bg3 Bg7 6. Nf3 Nc6 7. Qd5 Qe7 8.
Nc3 Ngxe5 9. Nxe5 Nxe5 10. O-O-O c6 11. Qd4 f5 12. e3 O-O 13. Qd2 Qf7 14. c5 b6
15. f4 Ng6 16. fxg5 bxc5 17. Bd6 Re8 18. Bd3 Ne5 19. Rhf1 Nxd3+ 20. Qxd3 Bxc3
21. Qxc3 Ba6 22. Rf4 Qxa2 23. g6 Re4 24. gxh7+ Kxh7 25. Qxc5 Rc4+ 26. Qxc4
Qxc4+ 27. Rxc4 Bxc4 28. Kc2 Bd5 29. g3 a5 30. Kc3 Re8 31. Bf4 Re4 32. Rd4 Rxd4
33. exd4 a4 34. Kb4 Bb3 35. Kc5 Kg6 36. Kd6 Be6 37. Ke7 Kg7 38. h3 Kg6 39. h4
Kh5 40. Kf6 Kg4 41. Kg6 1-0

[Event "Individual de Bizkaia - Categoria Prefer"]
[Site "Bilbao, Spain"]
[Date "2012.10.20"]
[Round "1.7"]
[White "Cuero Reid, Maximo Javier"]
[Black "Gonzalez Pereira, Asier"]
[Result "1-0"]
[WhiteElo "1886"]
[BlackElo "2065"]
[PlyCount "62"]
[EventDate "2012.10.20"]

1. d4 Nf6 2. Bg5 d6 3. Nd2 e5 4. f3 Be7 5. Nh3 c5 6. e3 Nc6 7. c3 d5 8. Bb5
Bxh3 9. gxh3 Nd7 10. Bxe7 Qxe7 11. O-O O-O 12. Re1 Rad8 13. Nf1 Qh4 14. Ng3 f5
15. dxe5 Ndxe5 16. f4 Ng6 17. Kg2 d4 18. Qh5 Qf6 19. Kh1 dxe3 20. Rxe3 Nxf4 21.
Bc4+ Kh8 22. Qf3 Ng6 23. Re6 Qh4 24. Bf1 Nce5 25. Qxb7 f4 26. Ne4 Rd7 27. Qb5
Qd8 28. Re1 Nf3 29. Re2 Rd1 30. Rf2 Nfh4 31. Qe2 Qd5 1-0

[Event "Individual de Bizkaia - Categoria Prefer"]
[Site "Bilbao, Spain"]
[Date "2012.10.20"]
[Round "1.1"]
[White "Garrido Legarreta, Jose Javier"]
[Black "Prieto Aranguren, Alain"]
[Result "0-1"]
[WhiteElo "2056"]
[BlackElo "2231"]
[PlyCount "70"]
[EventDate "2012.10.20"]

1. d4 Nf6 2. c4 g6 3. Nc3 Bg7 4. e4 d6 5. f3 O-O 6. Bg5 c5 7. d5 e6 8. Qd2 exd5
9. cxd5 a6 10. a4 Re8 11. Nge2 Nbd7 12. Nd1 Ne5 13. Nec3 Qa5 14. Ra3 h5 15. Be2
Nh7 16. Be3 Bd7 17. O-O f5 18. Nf2 Nf6 19. h3 Qb4 20. f4 Nc4 21. Bxc4 Qxc4 22.
e5 dxe5 23. fxe5 Rxe5 24. Nd3 Rxe3 25. Qxe3 Nxd5 26. Qd2 Bd4+ 27. Kh1 Ne3 28.
Re1 Re8 29. Nf4 Nc2 30. Rxe8+ Bxe8 31. Qxc2 Qf1+ 32. Kh2 Bg1+ 33. Kg3 h4+ 34.
Kxh4 Qxf4+ 35. g4 g5# 0-1

[Event "Individual de Bizkaia - Categoria Prefer"]
[Site "Bilbao, Spain"]
[Date "2012.10.20"]
[Round "1.6"]
[White "Sadusea, Johnny"]
[Black "Urbieta Gabancho, Koldo"]
[Result "0-1"]
[WhiteElo "2082"]
[BlackElo "1956"]
[PlyCount "115"]
[EventDate "2012.10.20"]

1. d4 d5 2. c4 c6 3. Nc3 Nf6 4. Nf3 a6 5. c5 Bf5 6. Bf4 Nbd7 7. e3 e6 8. h3 Be7
9. Bd3 Bg6 10. Ne5 Qc8 11. Nxg6 hxg6 12. Rb1 Bd8 13. b4 Bc7 14. a4 e5 15. dxe5
Nxe5 16. Be2 Nfd7 17. a5 Qd8 18. Qd2 g5 19. Bh2 Nf6 20. f4 gxf4 21. exf4 Nc4
22. Bxc4 dxc4 23. Qe2+ Qe7 24. O-O Qxe2 25. Nxe2 O-O-O 26. Rb2 Rd3 27. Rc1 Re8
28. Kf1 Ne4 29. Bg1 Red8 30. Ke1 Rb3 31. Rxb3 cxb3 32. Rb1 Rd3 33. Rb2 Bd8 34.
Nc1 Bh4+ 35. Ke2 Rg3 36. Kf1 Rc3 37. Ne2 Rc2 38. Rxc2 bxc2 39. Be3 Bf6 40. g4
Bb2 41. Bc1 Ng3+ 42. Ke1 Nxe2 43. Bxb2 c1=Q+ 44. Bxc1 Nxc1 45. Kd2 Na2 46. h4
Kd7 47. Kd3 Nxb4+ 48. Ke4 Ke7 49. h5 Nd5 50. g5 f6 51. Kf5 Kf7 52. Ke4 Nc7 53.
Kf5 Ne6 54. h6 gxh6 55. gxh6 Nxc5 56. h7 Kg7 57. h8=Q+ Kxh8 58. Kxf6 0-1

[Event "Individual de Bizkaia - Categoria Prefer"]
[Site "Bilbao, Spain"]
[Date "2012.10.27"]
[Round "2.1"]
[White "Prieto Aranguren, Alain"]
[Black "Marchena Hurtado, Javier"]
[Result "1/2-1/2"]
[WhiteElo "2231"]
[BlackElo "2056"]
[PlyCount "111"]
[EventDate "2012.10.20"]

1. c4 c6 2. e4 d5 3. exd5 cxd5 4. d4 Nf6 5. Nc3 e6 6. Nf3 Bb4 7. cxd5 Nxd5 8.
Bd2 Nc6 9. Bd3 O-O 10. O-O Be7 11. Re1 Bf6 12. Nxd5 Qxd5 13. Be4 Qd6 14. Be3
Rd8 15. Qc2 g6 16. Rad1 Nb4 17. Qb3 Nd5 18. Bg5 Bxg5 19. Nxg5 Qf4 20. Nf3 b6
21. Ne5 Bb7 22. Rd3 Rac8 23. g3 Qg5 24. h4 Qh6 25. Qd1 Rc7 26. Ng4 Qg7 27. Bg2
Nf6 28. Bxb7 Rxb7 29. Qf3 Nd5 30. Ne5 Rc7 31. Rd2 Qf6 32. Qe4 Rdc8 33. Kg2 Qf5
34. Qxf5 gxf5 35. Kf3 Rc2 36. Ree2 Rxd2 37. Rxd2 Kf8 38. Nd3 Ke7 39. Nf4 Kd6
40. Ng2 Nf6 41. Ne3 Nd5 42. a3 Rc7 43. Ke2 Rc1 44. Kd3 Nxe3 45. Kxe3 Kd5 46.
Kf4 f6 47. Ke3 Re1+ 48. Kd3 f4 49. gxf4 Re4 50. Rc2 Rxd4+ 51. Ke3 Re4+ 52. Kf3
Rc4 53. Rd2+ Rd4 54. Rc2 Rc4 55. Rd2+ Rd4 56. Rc2 1/2-1/2

[Event "Individual de Bizkaia - Categoria Prefer"]
[Site "Bilbao, Spain"]
[Date "2012.10.27"]
[Round "2.2"]
[White "Torres Garcia, Koldo"]
[Black "Angulo Martinez, Jon"]
[Result "0-1"]
[WhiteElo "2000"]
[BlackElo "2191"]
[PlyCount "62"]
[EventDate "2012.10.20"]

1. e4 e5 2. Nf3 Nc6 3. d4 exd4 4. Nxd4 Qh4 5. Be3 Qxe4 6. Nd2 Qe7 7. Nf5 Qe6 8.
Bd3 g6 9. Ng3 Bh6 10. O-O Bxe3 11. fxe3 Nge7 12. e4 Ne5 13. Nf3 Nxf3+ 14. Qxf3
Nc6 15. Nf5 gxf5 16. exf5 Qf6 17. Rae1+ Ne5 18. Rf2 d6 19. g4 Rg8 20. Rg2 c6
21. Qf4 h6 22. h4 Kd8 23. g5 Nxd3 24. cxd3 hxg5 25. hxg5 Qxf5 26. Qxd6+ Bd7 27.
Re5 Qg6 28. Qe7+ Kc7 29. Rd5 Qe6 30. Re5 Qxe7 31. Rxe7 Rg6 0-1

[Event "Individual de Bizkaia - Categoria Prefer"]
[Site "Bilbao, Spain"]
[Date "2012.10.27"]
[Round "2.3"]
[White "Diez Fraile, David"]
[Black "Cuero Reid, Maximo Javier"]
[Result "1-0"]
[WhiteElo "2167"]
[BlackElo "1886"]
[PlyCount "95"]
[EventDate "2012.10.20"]

1. d4 d6 2. e4 Nd7 3. Nc3 a6 4. Nf3 e5 5. Bc4 c6 6. dxe5 dxe5 7. O-O Be7 8. Ng5
Bxg5 9. Qh5 g6 10. Qxg5 Qxg5 11. Bxg5 h6 12. Be3 g5 13. Rad1 Ngf6 14. f3 b5 15.
Bb3 a5 16. a4 b4 17. Nb1 Nh5 18. Rd6 Ke7 19. Rxc6 Nf4 20. Rd1 Ra6 21. Rxa6 Bxa6
22. g3 Rg8 23. Kf2 Ne6 24. Rd5 Rc8 25. Rxa5 Bc4 26. Bxc4 Rxc4 27. c3 bxc3 28.
Nxc3 Ndc5 29. Bxc5+ Nxc5 30. Ke3 Ke6 31. g4 f6 32. Nd5 Rc2 33. b4 Nb7 34. Ra6+
Nd6 35. Nxf6 Ke7 36. Nd5+ Kd7 37. Ra7+ Kc8 38. b5 Rxh2 39. Ne7+ Kb8 40. Nc6+
Kc8 41. Nxe5 h5 42. gxh5 Rxh5 43. b6 g4 44. Rc7+ Kd8 45. Rd7+ Kc8 46. Rxd6 Rxe5
47. fxg4 Kb7 48. Kf4 1-0

[Event "Individual de Bizkaia - Categoria Prefe"]
[Site "Bilbao, Spain"]
[Date "2012.10.27"]
[Round "2.4"]
[White "Urbieta Gabancho, Koldo"]
[Black "Diaz Herrero, Alvaro"]
[Result "1/2-1/2"]
[WhiteElo "1966"]
[BlackElo "2133"]
[PlyCount "91"]
[EventDate "2012.10.20"]

1. b3 c5 2. c4 Nf6 3. Nf3 d5 4. cxd5 Nxd5 5. g3 Nc6 6. Bg2 e5 7. d3 Be7 8. Bb2
f6 9. O-O Be6 10. e3 O-O 11. d4 cxd4 12. exd4 e4 13. Nfd2 f5 14. Nc4 Ndb4 15.
f3 Nd3 16. Bc3 Nxd4 17. fxe4 Nb5 18. Qc2 Rc8 19. a4 Nxc3 20. Nxc3 Bxc4 21. bxc4
Qd4+ 22. Kh1 Rxc4 23. Nb5 Rxc2 24. Nxd4 Rd2 25. Nxf5 Bc5 26. h3 Nf2+ 27. Kh2
Nxe4 28. Rad1 g6 29. Rxd2 Nxd2 30. Rd1 Rxf5 31. Rxd2 b6 32. Rd7 a5 33. h4 Re5
34. Rd3 Re7 35. Kh3 Kg7 36. Bc6 Kf6 37. g4 Ke5 38. g5 Bd4 39. Kg4 Kd6 40. Bf3
Ke5 41. Rd2 Rf7 42. Re2+ Kd6 43. Rd2 Kc5 44. Rc2+ Kd6 45. Rd2 Ke5 46. Re2+
1/2-1/2

[Event "Individual de Bizkaia - Categoria Prefer"]
[Site "Bilbao, Spain"]
[Date "2012.10.27"]
[Round "2.5"]
[White "Iglesias Balbas, Ruben"]
[Black "Perez Fernandez, Modesto"]
[Result "0-1"]
[WhiteElo "1970"]
[BlackElo "2021"]
[PlyCount "70"]
[EventDate "2012.10.20"]

1. c4 Nf6 2. Nc3 e6 3. e4 c5 4. g3 Nc6 5. Bg2 g6 6. Nf3 Bg7 7. O-O O-O 8. d3 d6
9. Rb1 Bd7 10. Bf4 e5 11. Bg5 h6 12. Bxf6 Bxf6 13. Nd5 Bg7 14. b4 cxb4 15. Nxb4
Nxb4 16. Rxb4 Bc6 17. Qe2 Qe7 18. Rfb1 b6 19. Qe3 Rad8 20. d4 exd4 21. Nxd4
Bxd4 22. Qxd4 Qe5 23. Rd1 Rfe8 24. f3 Qc5 25. Rb2 Kf8 26. Bf1 Qxd4+ 27. Rxd4
Re5 28. Rbd2 Ke7 29. Kf2 f5 30. exf5 Rxf5 31. f4 Ra5 32. Bh3 Rh5 33. Re2+ Kf8
34. Kg1 Rxh3 35. Re6 Be8 0-1

[Event "Individual de Bizkaia - Categoria Prefer"]
[Site "Bilbao, Spain"]
[Date "2012.10.27"]
[Round "2.6"]
[White "Carnicero Rodriguez, Luis"]
[Black "Celada Fernandez De L., Felipe"]
[Result "0-1"]
[WhiteElo "2046"]
[BlackElo "2090"]
[PlyCount "65"]
[EventDate "2012.10.20"]

1. d4 Nf6 2. Nf3 e6 3. c4 c5 4. g3 cxd4 5. Nxd4 Nc6 6. Bg2 Nxd4 7. Qxd4 Qc7 8.
O-O Be7 9. Nc3 a6 10. e4 d6 11. h3 Bd7 12. Re1 Rc8 13. Bf1 O-O 14. Be3 Bc6 15.
Rac1 Qb8 16. a4 b6 17. e5 Nd7 18. exd6 Bxd6 19. Ne4 Be5 20. Qd3 Rfd8 21. Qc2
Qb7 22. Bd3 h6 23. f4 Nf6 24. Nxf6+ Bxf6 25. Rcd1 Bf3 26. Bh7+ Kh8 27. Rxd8+
Rxd8 28. Bd3 Rd6 29. b4 Bc6 30. b5 axb5 31. axb5 Bf3 32. c5 bxc5 33. Qxc5 0-1

[Event "Individual de Bizkaia - Categoria Prefer"]
[Site "Bilbao, Spain"]
[Date "2012.10.27"]
[Round "2.7"]
[White "Rodriguez Gonzalez, Alex"]
[Black "Sadusea, Johnny"]
[Result "0-1"]
[WhiteElo "2015"]
[BlackElo "2082"]
[PlyCount "70"]
[EventDate "2012.10.20"]

1. e4 c5 2. Nc3 d6 3. d4 cxd4 4. Qxd4 a6 5. f4 Nc6 6. Qf2 Nf6 7. h3 e5 8. Be3
Qa5 9. a3 Nxe4 10. Qf3 Nxc3 11. Bd2 Qd5 12. Qxc3 Qe4+ 13. Ne2 Nd4 14. Kd1 Bf5
15. Nxd4 exd4 16. Qd3 Qxd3 17. cxd3 h5 18. Rc1 Rc8 19. Rxc8+ Bxc8 20. Be2 Bf5
21. Re1 Kd7 22. g4 hxg4 23. hxg4 Be6 24. Bf3 Bb3+ 25. Kc1 d5 26. g5 Bd6 27.
Bg4+ Kc6 28. g6 fxg6 29. Re6 Rh1+ 30. Be1 Kc7 31. Kd2 Rh2+ 32. Kc1 Bxf4+ 33.
Kb1 Rc2 34. Ba5+ b6 35. Re7+ Kd8 0-1

[Event "Individual de Bizkaia - Categoria Prefer"]
[Site "Bilbao, Spain"]
[Date "2012.10.27"]
[Round "2.8"]
[White "Gonzalez Pereira, Asier"]
[Black "Sanz Rodero, Mikel"]
[Result "0-1"]
[WhiteElo "2065"]
[BlackElo "2045"]
[PlyCount "66"]
[EventDate "2012.10.20"]

1. e4 c5 2. Nf3 e6 3. d4 cxd4 4. Nxd4 Nc6 5. Nc3 Qc7 6. Be3 a6 7. g3 Nf6 8. Bg2
b5 9. e5 Ng4 10. Nxc6 Bb7 11. Qd4 Bxc6 12. Bxc6 Qxc6 13. Ne4 f5 14. exf6 Nxf6
15. Nxf6+ gxf6 16. O-O Bg7 17. a4 O-O 18. Rfd1 d5 19. c3 Rfc8 20. axb5 axb5 21.
Qb6 Qxb6 22. Bxb6 Rab8 23. Ra6 Rc6 24. Ba7 Rxa6 25. Bxb8 b4 26. Bc7 bxc3 27.
bxc3 f5 28. Rc1 Rc6 29. Ba5 Rc5 30. Bb4 Rc4 31. Kf1 Kf7 32. f4 d4 33. Ke2 dxc3
0-1

[Event "Individual de Bizkaia - Categoria Prefer"]
[Site "Bilbao, Spain"]
[Date "2012.10.27"]
[Round "2.9"]
[White "Cano Cavero, Alberto Javier"]
[Black "Garrido Legarreta, Jose Javier"]
[Result "1/2-1/2"]
[WhiteElo "1882"]
[BlackElo "2056"]
[PlyCount "72"]
[EventDate "2012.10.20"]

1. e4 c5 2. d4 cxd4 3. c3 Nf6 4. e5 Nd5 5. Nf3 e6 6. Bc4 Nb6 7. Bb3 Nc6 8. O-O
d6 9. cxd4 dxe5 10. dxe5 Qxd1 11. Rxd1 Be7 12. Nc3 O-O 13. Be3 Nd7 14. Bf4 Nc5
15. Bc2 Nb4 16. Be4 Nxe4 17. Nxe4 Nd5 18. Bg5 Bxg5 19. Nfxg5 Bd7 20. Nd6 Bc6
21. Nge4 h6 22. Nc5 b6 23. Nd3 Rad8 24. Rac1 Ba8 25. Rc4 f6 26. Nb5 fxe5 27.
Nxe5 Nf4 28. Rxd8 Rxd8 29. f3 g5 30. Nxa7 Rd1+ 31. Kf2 Rd2+ 32. Ke3 Re2+ 33.
Kd4 Bd5 34. Rc8+ Kg7 35. Rc7+ Kf8 36. Rc8+ Kg7 1/2-1/2

[Event "Individual de Bizkaia - Categoria Prefer"]
[Site "Bilbao, Spain"]
[Date "2012.11.03"]
[Round "3.1"]
[White "Angulo Martinez, Jon"]
[Black "Diez Fraile, David"]
[Result "1/2-1/2"]
[WhiteElo "2191"]
[BlackElo "2167"]
[PlyCount "34"]
[EventDate "2012.10.20"]

1. e4 d5 2. exd5 Qxd5 3. Nc3 Qd6 4. d4 Nf6 5. Nge2 c6 6. g3 Bf5 7. Bg2 e6 8.
O-O Be7 9. f3 Na6 10. Be3 O-O 11. Nf4 e5 12. Nfe2 Rad8 13. a3 Rfe8 14. Qc1 exd4
15. Nxd4 Bg6 16. Nb3 Qc7 17. Bf2 Nd7 1/2-1/2

[Event "Individual de Bizkaia - Categoria Prefer"]
[Site "Bilbao, Spain"]
[Date "2012.11.03"]
[Round "3.3"]
[White "Marchena Hurtado, Javier"]
[Black "Urbieta Gabancho, Koldo"]
[Result "1-0"]
[WhiteElo "2056"]
[BlackElo "1956"]
[PlyCount "65"]
[EventDate "2012.10.20"]

1. e4 c6 2. d4 d5 3. Nd2 dxe4 4. Nxe4 Bf5 5. Ng3 Bg6 6. h4 e6 7. h5 Bf5 8. Nxf5
Qa5+ 9. Bd2 Qxf5 10. Bd3 Qd5 11. Nf3 Nf6 12. Qe2 Be7 13. c4 Qd8 14. h6 g6 15.
O-O Qc7 16. Rfe1 Nbd7 17. Rac1 O-O-O 18. d5 Nc5 19. Bb1 a5 20. Ng5 Bd6 21. Bc3
e5 22. Qf3 Qe7 23. Bxa5 Rde8 24. dxc6 e4 25. cxb7+ Qxb7 26. Qxf6 Be7 27. Qf4 f5
28. Nf7 Rhf8 29. Nd6+ Bxd6 30. Qxd6 Qe7 31. Qc6+ Kb8 32. Bb4 Rf6 33. Qb5+ 1-0

[Event "Individual de Bizkaia - Categoria Prefer"]
[Site "Bilbao, Spain"]
[Date "2012.11.03"]
[Round "3.4"]
[White "Perez Fernandez, Modesto"]
[Black "Celada Fernandez De L., Felipe"]
[Result "1-0"]
[WhiteElo "2021"]
[BlackElo "2090"]
[PlyCount "107"]
[EventDate "2012.10.20"]

1. e4 c5 2. Nf3 d6 3. d4 cxd4 4. Nxd4 Nf6 5. Nc3 a6 6. Bg5 e6 7. f4 Be7 8. Qf3
Qc7 9. O-O-O Nbd7 10. g4 b5 11. Bxf6 Nxf6 12. g5 Nd7 13. f5 Bxg5+ 14. Kb1 Nc5
15. Bxb5+ axb5 16. Ndxb5 Qd7 17. Nxd6+ Kf8 18. h4 Bf6 19. e5 Bb7 20. Nxb7 Qxb7
21. Qxb7 Nxb7 22. exf6 gxf6 23. fxe6 fxe6 24. Rd7 Nd8 25. Ne4 f5 26. Ng5 Ke8
27. Rhd1 Rg8 28. Nxh7 Rg6 29. Ng5 e5 30. Rh7 e4 31. Rd5 Rf6 32. Re5+ Kf8 33. a3
Nc6 34. Rc5 Kg8 35. Rc7 Nd4 36. Rd5 Ne6 37. Rc6 Re8 38. Rxe6 Rexe6 39. Nxe6
Rxe6 40. Rxf5 e3 41. Rf1 Re4 42. Re1 Kf7 43. c3 Ke6 44. Kc2 Kd5 45. Kd3 Rxh4
46. Rxe3 Rh2 47. Re2 Rh1 48. Kc2 Rg1 49. Kb3 Rh1 50. c4+ Kd6 51. Kb4 Rh4 52. a4
Rg4 53. a5 Rh4 54. Rf2 1-0

[Event "Individual de Bizkaia - Categoria Prefer"]
[Site "Bilbao, Spain"]
[Date "2012.11.03"]
[Round "3.5"]
[White "Sadusea, Johnny"]
[Black "Torres Garcia, Koldo"]
[Result "1-0"]
[WhiteElo "2082"]
[BlackElo "2000"]
[PlyCount "67"]
[EventDate "2012.10.20"]

1. e4 e5 2. Nf3 Nc6 3. d4 exd4 4. Nxd4 Nf6 5. Nxc6 bxc6 6. e5 Nd5 7. c4 Nb6 8.
Nc3 Bb7 9. Bd3 g6 10. O-O Bg7 11. Qg4 Qe7 12. Bg5 Qe6 13. Qh4 h6 14. Bf6 Bxf6
15. exf6 O-O-O 16. c5 g5 17. Qd4 Nd5 18. Ne4 Nf4 19. Rfd1 Qg4 20. Bf1 Rhe8 21.
f3 Qf5 22. Qa4 g4 23. Qxa7 gxf3 24. gxf3 Rxe4 25. fxe4 Rg8+ 26. Kf2 Nh3+ 27.
Ke3 Qf4+ 28. Kd4 Qxf6+ 29. Kc4 Qe6+ 30. Kc3 Nf2 31. Ba6 Nxe4+ 32. Kc2 Rg2+ 33.
Kc1 Bxa6 34. Qxa6+ 1-0

[Event "Individual de Bizkaia - Categoria Prefer"]
[Site "Bilbao, Spain"]
[Date "2012.11.03"]
[Round "3.6"]
[White "Sanz Rodero, Mikel"]
[Black "Cuero Reid, Maximo Javier"]
[Result "1-0"]
[WhiteElo "2045"]
[BlackElo "1886"]
[PlyCount "75"]
[EventDate "2012.10.20"]

1. e4 e6 2. f4 d6 3. Nc3 Nd7 4. d4 Be7 5. Nf3 Ndf6 6. Bd3 Ng4 7. O-O h5 8. e5
d5 9. Ne2 c5 10. c3 Bd7 11. h3 N4h6 12. Be3 cxd4 13. Nexd4 Bc5 14. Kh1 Bb6 15.
Qe2 a6 16. Rad1 Ne7 17. Rfe1 g6 18. Qf2 Bc7 19. Qh4 Nhf5 20. Qf6 O-O 21. Nxf5
Nxf5 22. Qxd8 Bxd8 23. Bxf5 gxf5 24. Bc5 Re8 25. Bd6 Rc8 26. g3 Bb6 27. Kg2 Rc4
28. Rd2 Bc6 29. Nd4 Bxd4 30. Rxd4 Rc8 31. Red1 b5 32. Be7 Kh7 33. g4 fxg4 34.
hxg4 hxg4 35. Kg3 Bd7 36. Kxg4 f5+ 37. Kf3 Rxd4 38. Rxd4 1-0

[Event "Individual de Bizkaia - Categoria Prefer"]
[Site "Bilbao, Spain"]
[Date "2012.11.03"]
[Round "3.7"]
[White "Garrido Legarreta, Jose Javier"]
[Black "Iglesias Balbas, Ruben"]
[Result "0-1"]
[WhiteElo "2056"]
[BlackElo "1970"]
[PlyCount "77"]
[EventDate "2012.10.20"]

1. d4 Nf6 2. c4 d6 3. Nc3 g6 4. e4 Bg7 5. f3 O-O 6. Be3 e5 7. Nge2 exd4 8. Nxd4
Be6 9. Be2 Qd7 10. O-O Nc6 11. Qd2 Rfe8 12. Nd5 a6 13. Rfc1 Ne5 14. Nxe6 fxe6
15. Nxf6+ Bxf6 16. f4 Nc6 17. e5 Bg7 18. Rd1 Bf8 19. exd6 cxd6 20. Bg4 Qf7 21.
Bb6 e5 22. Qd5 exf4 23. Rf1 Qxd5 24. cxd5 Ne5 25. Be6+ Kh8 26. Rxf4 Re7 27.
Raf1 Bg7 28. Bd4 b5 29. Bc3 a5 30. a3 Rea7 31. g4 g5 32. Rf5 h6 33. h3 Rb8 34.
Kg2 b4 35. Bd4 Rc7 36. axb4 axb4 37. Bxe5 Bxe5 38. R1f2 Bf4 39. h4 0-1

[Event "Individual de Bizkaia - Categoria Prefer"]
[Site "Bilbao, Spain"]
[Date "2012.11.03"]
[Round "3.8"]
[White "Gonzalez Pereira, Asier"]
[Black "Cano Cavero, Alberto Javier"]
[Result "1/2-1/2"]
[WhiteElo "2065"]
[BlackElo "1882"]
[PlyCount "64"]
[EventDate "2012.10.20"]

1. d4 Nf6 2. Bg5 Ne4 3. Bf4 c5 4. f3 Qa5+ 5. c3 Nf6 6. Nd2 cxd4 7. Nb3 Qb6 8.
Qxd4 Qxd4 9. Nxd4 d6 10. Nb5 Na6 11. e4 Bd7 12. a4 g6 13. Bc4 Bg7 14. Ne2 O-O
15. Be3 Rfc8 16. b3 Nc5 17. Na3 a6 18. O-O Rab8 19. Nd4 b5 20. axb5 axb5 21.
Ndxb5 Bxb5 22. Nxb5 Nxb3 23. Ra4 Rxc4 24. Rxc4 Rxb5 25. Rc8+ Bf8 26. Bh6 Nd7
27. c4 Rh5 28. Bxf8 Nxf8 29. Rb1 Nc5 30. Rbb8 Ncd7 31. Rb7 Kg7 32. Rcc7 Nc5
1/2-1/2

[Event "Individual de Bizkaia - Categoria Prefer"]
[Site "Bilbao, Spain"]
[Date "2012.11.03"]
[Round "3.9"]
[White "Rodriguez Gonzalez, Alex"]
[Black "Carnicero Rodriguez, Luis"]
[Result "1-0"]
[WhiteElo "2015"]
[BlackElo "2046"]
[PlyCount "52"]
[EventDate "2012.10.20"]

1. e4 e6 2. d4 d5 3. Nc3 dxe4 4. Nxe4 Nd7 5. Bc4 Ngf6 6. Ng5 c5 7. Qe2 Qe7 8.
dxc5 Nxc5 9. N1f3 h6 10. Nh3 g5 11. Ne5 a6 12. a4 Rg8 13. O-O Nfd7 14. Nxf7
Qxf7 15. b4 Rg6 16. bxc5 Nxc5 17. f4 g4 18. f5 gxh3 19. fxg6 Qxg6 20. Ba3 Be7
21. g3 Bd7 22. Qe5 O-O-O 23. Bxc5 Qxc2 24. Bf2 Bf6 25. Qc5+ Kb8 26. Qa7+ Kc7
1-0